| 000 | 00613nam a22001937a 4500 | ||
|---|---|---|---|
| 999 |
_c175093 _d175093 |
||
| 005 | 20200807102535.0 | ||
| 010 | _aENG-128316 | ||
| 020 |
_c375.00 _a9789352837212 |
||
| 035 | _aEN-111848 | ||
| 037 | _bDBAD/PUB | ||
| 082 | _a621.4022 | ||
| 100 | _aRajput,R.K | ||
| 245 |
_aA Textbook of Heat and Mass Transfer/ _cby R.K. Rajput |
||
| 250 | _a7th ed. | ||
| 260 |
_aNew Delhi _bS.Chand _c2019 |
||
| 270 |
_aHead Office:7361,Ram Nagar,Qutab Rord _bNew Delhi _e110055 _k23672080 _l91-11-23677446 _minfo@schandpublishing.com |
||
| 300 |
_axvii;915p. _c24cm(pbk) |
||
| 942 |
_2ddc _cEN _h621.4022 _mRAJ |
||